000 00908cam a2200217 4500
001 WB3703-01
008 000000n2001 000 0 eng u
035 _a(Sirsi) u110406
245 _aArtnet give up on paintings
260 _c2001
490 _aArt Newspaper
_v 12(110) January 2001, 1(1)
520 _aOnline art auction site Artnet, has stopped trying to sell paintings online, and will concentrate on photography and prints. Buyers are unwilling to spend large amounts of money on works they have not examined in person. Discusses how the online art market has experienced this as a whole and is in the process of correcting itself. Online sales in photography and prints look set to grow.
590 _aWB
650 _aE-COMMERCE
650 _aPHOTOGRAPHY
650 _aPAINTINGS
650 _aONLINE AUCTIONS
650 _aINTERNET
690 _aArts and antiques
_96217
942 _n0
999 _c65820
_d65820